000 00828nam a2200241 a 4500
008
020 _a0316918504 (pbk.)
049 _aMAIN
090 _aQA76.73.P2
_bWAL
100 1 _aWalker, Henry M.
245 1 0 _aWorkbook to accompany Henry M. Walker's Pascal : problem solving and structured program design /
_cDavid C. Rine.
260 _aBoston, Mass. :
_bLittle, Brown,
_cc1987.
300 _aix, 180 p. ;
_c28 cm.
650 0 _aPascal (Computer program language).
650 0 _aStructured programming.
700 _aRine, David C.
740 _aPascal: problem solving and structured program design by Henry M Walker :
_nWorkbook.
907 _a.b10089329
_b04-10-12
_c19-09-03
003
005 20230123133425.0
040 _cNUST
942 _cBOOKS
_kQA76.73.P2
_mWAL
999 _c148337
_d148337